Competitive advantage of small and medium-sized enterprises in Slovakia at the time of entry into the European Union. Research findings.

Konkurenčná výhoda ako zložitý fenomén, ktorý možno popísať pomocou vonkajších prejavov a vnútornej štruktúry. Na skúmanom súbore bola preukázaná nedostatočná miera medzinárodnej konkurencieschopnosti. Len malý počet vonkajších a vnútorných parametrov prekonal hranice národnej konkurencieschopnosti....

Descripción completa

Guardado en:
Detalles Bibliográficos
Autor principal: Slávik, Štefan, 1955-
Otros Autores: Blštáková, Jana, 1980-, Hudáková, Ivana, 1976-
Formato: Capítulo de libro
Lenguaje:inglés
Materias:
Etiquetas: Agregar Etiqueta
Sin Etiquetas, Sea el primero en etiquetar este registro!

MARC

LEADER 00000naa$a2200000$$$4500
001 0082950
005 20240502071931.4
041 0 |a eng 
044 |a SK 
245 1 0 |a Competitive advantage of small and medium-sized enterprises in Slovakia at the time of entry into the European Union. Research findings.  |c Štefan Slávik, Jana Blštáková, Ivana Hudáková 
520 |a Konkurenčná výhoda ako zložitý fenomén, ktorý možno popísať pomocou vonkajších prejavov a vnútornej štruktúry. Na skúmanom súbore bola preukázaná nedostatočná miera medzinárodnej konkurencieschopnosti. Len malý počet vonkajších a vnútorných parametrov prekonal hranice národnej konkurencieschopnosti. Pomocou viackriteriálneho hodnotenia sa zistilo, že najväčším problémom konkurenčnej výhody je nedostatočná vzácnosť činností, zdrojov a spôsobilostí. Pružnosť zložiek konkurenčnej výhody umožňuje podnikovú adaptáciu iba po inkrementálmu úroveň vonkajších zmien. Podnikateľské stratégie skúmaných podnikov, ktoré sú založené na analyzovanej konkurenčnej výhode sú významne determinované jej priemernou kvalitou. 
610 2 0 |a výhody konkurenčné 
610 2 0 |a rozhodovanie viackriteriálne 
610 2 0 |a výskum ekonomický 
610 2 0 |a podnik malý 
610 2 0 |a podnik stredný 
610 2 0 |a adaptácia 
610 2 0 |a prostredie ekonomické 
610 2 0 |a Slovensko 
610 2 0 |a Európska únia 
100 1 |a Slávik, Štefan, 1955- 
700 1 |a Blštáková, Jana, 1980- 
700 1 |a Hudáková, Ivana, 1976-